[Event "Mittelfrankenliga-B1 0607"]
[Site "Mittelfranken"]
[Date "2007.03.11"]
[Round "7.7"]
[White "Wind, Patrick"]
[Black "Martin Fernandez, Rodrigo"]
[Result "1-0"]
[WhiteElo "1890"]
[BlackElo "2045"]
[PlyCount "71"]
[EventDate "2006.10.22"]
[EventType "team-tourn"]
[EventRounds "9"]
[EventCountry "GER"]
[SourceTitle "EXT 2011"]
[Source "ChessBase"]
[SourceDate "2010.11.26"]
[SourceVersion "1"]
[SourceVersionDate "2010.11.26"]
[SourceQuality "1"]
[WhiteTeam "Bechhofen"]
[BlackTeam "Erlangen SC"]
[WhiteTeamCountry "GER"]
[BlackTeamCountry "GER"]

1. c4 e6 2. Nf3 Nf6 3. g3 d5 4. Bg2 Be7 5. 0-0 0-0 6. b3 Nbd7 7. Bb2 b6 8. cxd5 exd5 9. Nd4 Nb8 10. Qc2 Re8 11. Nc3 c5 12. Nf5 Bb7 13. d4 Na6 14. Rad1 Rc8 15. e4 cxd4 16. Rxd4 Bc5 17. Rd2 d4 18. Nxd4 Bxd4 19. Qd1 Bxc3 20. Bxc3 Qc7 21. Bxf6 gxf6 22. Rd7 Qc6 23. Qg4+ Kf8 24. Rfd1 Nc5 25. R7d6 Qb5 26. Qh5 Kg7 27. Qg4+ Kf8 28. Bf1 Qa5 29. Bc4 Rxe4 30. Qh5 Re1+ 31. Bf1 Rxd1 32. Rxd1 Be4 33. Qh6+ Ke7 34. Qf4 Kf8 35. Qxf6 Rc6 36. Rd8# 1-0

[Event "Mittelfrankenliga-B1 0607"]
[Site "Mittelfranken"]
[Date "2007.02.11"]
[Round "6.5"]
[White "Thuerauf, Peter"]
[Black "Wind, Patrick"]
[Result "0-1"]
[WhiteElo "1820"]
[BlackElo "1890"]
[PlyCount "110"]
[EventDate "2006.10.22"]
[EventType "team-tourn"]
[EventRounds "9"]
[EventCountry "GER"]
[SourceTitle "EXT 2011"]
[Source "ChessBase"]
[SourceDate "2010.11.26"]
[SourceVersion "1"]
[SourceVersionDate "2010.11.26"]
[SourceQuality "1"]
[WhiteTeam "Nuernberg Sued SW II"]
[BlackTeam "Bechhofen"]
[WhiteTeamCountry "GER"]
[BlackTeamCountry "GER"]

1. d4 Nf6 2. Nf3 e6 3. c4 Bb4+ 4. Bd2 Qe7 5. e3 b6 6. Be2 Bb7 7. 0-0 Bxd2 8. Nfxd2 0-0 9. Nc3 d6 10. Bf3 c5 11. Bxb7 Qxb7 12. Qf3 Qxf3 13. Nxf3 Nc6 14. Rfd1 Ne7 15. e4 Rfd8 16. Rd2 a6 17. Rad1 cxd4 18. Rxd4 Ne8 19. R4d3 Rdc8 20. Na4 Rab8 21. b3 Nc6 22. Nd4 Nb4 23. R3d2 b5 24. Nb2 Nxa2 25. Ra1 Nb4 26. Nc2 bxc4 27. bxc4 Nxc2 28. Rxc2 Rc6 29. Kf1 Kf8 30. Ke2 Rbc8 31. Ra5 Nf6 32. f3 Nd7 33. Kd3 Nc5+ 34. Ke3 Rb8 35. Ra3 Rcb6 36. Na4 Rb3+ 37. Rc3 Rxc3+ 38. Nxc3 Rb2 39. Ne2 Ke7 40. g3 Kd7 41. h4 Rb3+ 42. Rxb3 Nxb3 43. Kd3 Kc6 44. Kc3 Na5 45. Kb4 Nb7 46. Nd4+ Kb6 47. Nb3 a5+ 48. Kc3 a4 49. Nd4 Kc5 50. Nb5 d5 51. e5 dxc4 52. Na3 Na5 53. Nc2 Nc6 54. f4 Ne7 55. Kb2 Nf5 0-1

[Event "Mittelfrankenliga-B2b 0506"]
[Site "Germany"]
[Date "2006.04.30"]
[Round "9.6"]
[White "Wind, Patrick"]
[Black "Heinz, Manfred"]
[Result "1-0"]
[WhiteElo "1872"]
[BlackElo "1692"]
[PlyCount "101"]
[EventDate "2005.10.16"]
[EventType "team-tourn"]
[EventRounds "9"]
[EventCountry "GER"]
[SourceTitle "EXT 2007"]
[Source "ChessBase"]
[SourceDate "2006.11.23"]
[SourceVersion "1"]
[SourceVersionDate "2006.11.23"]
[SourceQuality "1"]

1. c4 Nf6 2. Nc3 g6 3. g3 Bg7 4. Bg2 0-0 5. e4 e5 6. Nge2 Nc6 7. 0-0 d6 8. d3 Nh5 9. f4 exf4 10. Nxf4 Nxf4 11. Bxf4 Ne5 12. Qd2 Ng4 13. h3 Ne5 14. Rae1 c6 15. b3 f5 16. d4 Nf7 17. Kh2 Qa5 18. exf5 Bxf5 19. g4 Bc8 20. Re2 h5 21. g5 Bf5 22. Nd5 Qxd2 23. Ne7+ Kh7 24. Rxd2 Rae8 25. Nxf5 gxf5 26. Bf3 Kg6 27. Bd1 d5 28. Bf3 Rd8 29. c5 Rde8 30. h4 Re6 31. Kg2 Rfe8 32. Kf2 Nd8 33. Rb1 R6e7 34. b4 b6 35. b5 bxc5 36. dxc5 Bc3 37. Rdd1 cxb5 38. Rxd5 Nf7 39. c6 Be1+ 40. Kg2 Bxh4 41. Rh1 Bxg5 42. Bxh5+ Kf6 43. Bg3 f4 44. Bf2 Rg8 45. Rxb5 Ne5 46. Bd4 Bh4+ 47. Kf1 Bg3 48. Bf3 Rge8 49. Rh5 a6 50. Rbxe5 Rxe5 51. Rxe5 1-0

[Event "Mittelfrankenliga-B2b 0506"]
[Site "Germany"]
[Date "2006.03.19"]
[Round "7.6"]
[White "Wind, Patrick"]
[Black "Billmann, Andreas"]
[Result "1/2-1/2"]
[WhiteElo "1872"]
[BlackElo "1872"]
[PlyCount "101"]
[EventDate "2005.10.16"]
[EventType "team-tourn"]
[EventRounds "9"]
[EventCountry "GER"]
[SourceTitle "EXT 2007"]
[Source "ChessBase"]
[SourceDate "2006.11.23"]
[SourceVersion "1"]
[SourceVersionDate "2006.11.23"]
[SourceQuality "1"]

1. c4 f5 2. Nc3 Nf6 3. g3 e6 4. Bg2 d5 5. d4 c6 6. Nh3 Be7 7. 0-0 0-0 8. b3 Na6 9. Bb2 Ng4 10. Qd2 dxc4 11. f3 Nf6 12. bxc4 Qa5 13. Kh1 Rd8 14. Rfd1 Nc7 15. Qc2 b5 16. Nf2 bxc4 17. e4 Nb5 18. Na4 c3 19. Bxc3 Nxc3 20. Nxc3 Rb8 21. Ne2 Bd7 22. Nd3 fxe4 23. fxe4 Ng4 24. Qd2 Qh5 25. h3 e5 26. dxe5 Nxe5 27. Nef4 Qg5 28. Nxe5 Qxe5 29. Qe3 Bc5 30. Qf3 Bb6 31. Rac1 Be8 32. Qg4 Rxd1+ 33. Rxd1 Qb2 34. Ne6 Bf7 35. Ng5 Bg6 36. Qe6+ Kh8 37. Nf7+ Bxf7 38. Qxf7 Qe5 39. Rf1 h6 40. Qf4 Qe8 41. e5 Bc7 42. Qf5 Qxe5 43. Qxe5 Bxe5 44. Bxc6 Bxg3 45. Rf7 a5 46. Kg2 Bd6 47. Rd7 Bc5 48. Rd5 Bb4 49. a3 Bxa3 50. Rxa5 Rc8 51. Ra8 1/2-1/2

[Event "Mittelfrankenliga-B2b 0506"]
[Site "Germany"]
[Date "2006.01.29"]
[Round "5.5"]
[White "Plan, Johann"]
[Black "Wind, Patrick"]
[Result "1-0"]
[WhiteElo "1887"]
[BlackElo "1872"]
[PlyCount "93"]
[EventDate "2005.10.16"]
[EventType "team-tourn"]
[EventRounds "9"]
[EventCountry "GER"]
[SourceTitle "EXT 2007"]
[Source "ChessBase"]
[SourceDate "2006.11.23"]
[SourceVersion "1"]
[SourceVersionDate "2006.11.23"]
[SourceQuality "1"]

1. d4 Nf6 2. Nf3 e6 3. c4 Bb4+ 4. Bd2 Qe7 5. a3 Bxd2+ 6. Nbxd2 b6 7. g3 Bb7 8. Bg2 0-0 9. 0-0 d6 10. Qc2 Nbd7 11. Ne1 Bxg2 12. Nxg2 e5 13. e3 a5 14. Rac1 Nh5 15. f4 exd4 16. exd4 f5 17. Rce1 Qf6 18. Nf3 Rfe8 19. Qa4 Rxe1 20. Rxe1 Nf8 21. Qc6 Rc8 22. Qb7 Rd8 23. Qxc7 d5 24. cxd5 Qd6 25. Qxd6 Rxd6 26. Ne3 g6 27. Rc1 Nf6 28. Rc6 Ne8 29. Ne5 b5 30. Kf2 Kg7 31. Rc8 Nf6 32. Rc5 Ne4+ 33. Ke2 Rb6 34. Rc7+ Kg8 35. Rc6 Rb8 36. Rc7 b4 37. a4 b3 38. Nc6 Re8 39. Rb7 g5 40. Rxb3 gxf4 41. gxf4 Ng6 42. Rb8 Rxb8 43. Nxb8 Nxf4+ 44. Kf3 Nd3 45. Nxf5 Nxb2 46. Kxe4 Nxa4 47. d6 1-0